Normal view
MARC view
Entry Topical Term
001 - CONTROL NUMBER
- control field: 32435
003 - CONTROL NUMBER IDENTIFIER
- control field: OSt
005 - DATE AND TIME OF LATEST TRANSACTION
- control field: 20220427154827.0
008 - FIXED-LENGTH DATA ELEMENTS
- fixed length control field: 220427|| aca||aabn | a|a d
040 ## - CATALOGING SOURCE
- Original cataloging agency: OSt
- Transcribing agency: OSt
150 ## - HEADING--TOPICAL TERM
- Topical term or geographic name entry element: JavaScript (Computer program language)
670 ## - SOURCE DATA FOUND
- Source citation: Work cat.: (OSt)0: Barker, Tom, 32432, Pro data visualization using R and JavaScript /